Relatively Norma /

Uloženo v:
Podrobná bibliografie
Hlavní autor: Livia, Anna
Médium: Kniha
Jazyk:angličtina
Vydáno: London : Only women Press, 1987
Tagy: Přidat tag
Žádné tagy, Buďte první, kdo vytvoří štítek k tomuto záznamu!

MARC

LEADER 00000nam a22000007i 4500
001 IT\ICCU\UBO\4198956
003 ItRI
005 20260115231826.0
008 160927s1987 xxk|||||| ||||| |||||c
020 |a 0906500109 
040 |b ita  |c importazione bologna sebina 
041 7 |a eng  |2 ISO-639-2 
100 1 |a Livia, Anna  |0 IT\ICCU\UBOV\116345 
245 1 0 |a Relatively Norma /  |c by Anna Livia. 
260 |a London :  |b Only women Press,  |c 1987 
300 |a 220 p. ;  |c 20 cm 
942 |2 ddc  |c BK  |n 0 
952 |0 0  |1 0  |4 0  |6 L_823_914000000000000_LIV  |7 0  |9 13612  |a BO  |b BO  |d 2026-01-15  |i 18223  |l 0  |o L 823.914 LIV  |p BO18223  |r 2026-01-15 23:18:26  |w 2026-01-15  |x [Sebina 5] [1 v.]  |y BK  |z 1 v. 
999 |c 11707  |d 11707